000 01828nam a2200289Ia 4500
999 _c46274
_d46274
001 13108
003 GE_BSU
005 20240820173149.0
008 181216s2013||||ge |||||||||||||| ||geo||
020 _a978-9941-5368-9
040 _cGE_BSU
041 _ageo
080 _a31:338(479.22) + 314.114(479.22) + 316.42(479.22) გ-21
100 _aგასმანი, ფრანჩესკა
_923093
245 _aეკონომიკური და სოციალური მოწყვლადობა საქართველოში /
_cფრანჩესკა გასმანი, გიორგი ბერულავა, მიხეილ თოქმაზიშვილი ; რედ. ხათუნა ღლონტი ; გაეროს განვითარების პროგრამა საქართველოში.
264 _aთბილისი :
_bსეზანი,
_c2013.
300 _a 160 გვ. :
_bგრაფ., ცხრ. ;
_c29 სმ.
500 _aდაბეჭდილია საქართველოში
500 _aდანართი : გვ. 117-155
504 _aბიბლიოგრ. : გვ. 156-160
653 _aეკონომიკური და სოციალური მოწყვლადობა საქართველოში
700 _aბერულავა, გიორგი
_eავტორი
_923094
700 _aთოქმაზიშვილი, მიხეილ
_eავტორი
_923095
700 _aღლონტი, ხათუნა
_eრედაქტორი
_923096
710 _aგაეროს განვითარების პროგრამა საქართველოში
_923097
942 _cBK
_2udc